000 00994nam a2200253Ia 4500
999 _c50474
_d50474
001 17422
003 GE_BSU
005 20200213124710.0
008 181216s2014ru xx |||||||||||||| ||rus||
020 _a9785865477617
040 _cGE_BSU
041 _arus
080 _a811.161.1 Л-84
100 _aЛукьянова, Л,В.
_97038
245 _aРусский язык для медиков :
_bучебное пособие для иностранных студентов первого курса /
_cЛ,В, Лукьянова ; Ред . А.В.Аверина.
250 _a6-е издание
264 _aСанкт-Петербург :
_bЗлатоуст,
_c2014.
300 _a120 стр.:
_bил.;
_c27 cм.
653 _aдля иностранных студентов
653 _aРусский язык для медиков
653 _aრუსული ენა
700 _aАверина, А.В.
_eრედაქტორი
_97039
942 _cBK
_2udc